Stadtbaukunst in Brandenburg an der Havel : vom Mittelalter bis zur Gegenwart /

Disimpan dalam:
Butiran Bibliografi
Pengarang Utama: Bodenschatz, Harald.
Pengarang-pengarang Lain: Seifert, Carsten.
Format: Buku
Bahasa:German
Diterbitkan: Berlin : Transit, c1992.
Siri:Neues Leben alte Stadt ; 1.
Subjek-subjek:
Penanda-penanda: Tambah Penanda
Tiada Penanda, Jadilah orang pertama menanda rekod ini!
LEADER 01317nam a2200337 a 4500
001 003965534-2
005 20020606095253.2
008 940505s1992 gw ab b 000 0 ger d
010 |a  94180335  
020 |a 3887470788 
035 0 |a ocm30452169 
040 |a NjP  |c NjP  |d DLC  |d MH-FA 
042 |a lccopycat 
043 |a e-gx--- 
050 0 0 |a NA1074.B8  |b B63 1992 
100 1 |a Bodenschatz, Harald. 
245 1 0 |a Stadtbaukunst in Brandenburg an der Havel :  |b vom Mittelalter bis zur Gegenwart /  |c Harald Bodenschatz, Carsten Seifert. 
246 3 |a Stadtbaukunst, Brandenburg an der Havel 
260 |a Berlin :  |b Transit,  |c c1992. 
300 |a 373 p. :  |b ill., maps ;  |c 24 cm. 
490 1 |a Neues Leben alte Stadt ;  |v 1 
500 |a Cover title: Stadtbaukunst, Brandenburg an der Havel. 
504 |a Includes bibliographical references (p. [353]-373). 
650 0 |a Architecture  |z Germany  |z Brandenburg (Brandenburg) 
650 0 |a City planning  |z Germany  |z Brandenburg (Brandenburg) 
651 0 |a Brandenburg (Brandenburg, Germany)  |x Buildings, structures, etc. 
700 1 |a Seifert, Carsten. 
776 0 8 |i Online version:  |a Bodenschatz, Harald.  |t Stadtbaukunst in Brandenburg an der Havel.  |d Berlin : Transit, ©1992  |w (OCoLC)894829238 
830 0 |a Neues Leben alte Stadt ;  |v 1. 
988 |a 20020608 
906 |0 OCLC